| 000 | 00580nam a2200205 a 4500 | ||
|---|---|---|---|
| 005 | 20260225064010.0 | ||
| 008 | 991125s1984 mx 000 0 spa u | ||
| 020 | _a8472221741 | ||
| 035 | _aUPN01000009562 | ||
| 049 | _aCG | ||
| 050 | 4 |
_aB829.5 _bF4.48 |
|
| 100 | 1 | _aFellmann, Ferdinand | |
| 245 | 1 | 0 |
_aFenomenología y expresionismo / _cFerdinand Fellmann ; tr. de Enrique Müller del Castillo. |
| 260 |
_aBarcelona, Esp. : _bAlfa, _c1984. |
||
| 300 | _a198 p. | ||
| 440 | 0 | _aEstudios alemanes | |
| 650 | 4 |
_aFenomenología _97867 |
|
| 650 | 4 | _aEXPRESIONISMO | |
| 905 | _aLibro | ||
| 999 |
_c9562 _d9562 |
||